000 00971cam a22003017a 4500
003 CHAP
005 20220329140852.0
008 971013s1995 r 00010 d
010 _a58980
011 _a59952
035 _a64112
040 _cCHAP
090 _aTesis
100 0 0 _aCalixto Escobar, Elizabeth.
_917517
245 1 3 _aEl cacahuate en Tlapanalá, Puebla
_b: un cultivo desaprovechado
260 _aChapingo, Méx. :
_bEl autor,
_c1995
300 _a98 h.
502 _aTesis (Lic. en Economía Agrícola) -- UACH. Departamento de Economía Agrícola
590 _aALEPH
_b10
_c20130110
_lUCH01
_h1337
590 _aBATCH-UPD
_b10
_c20130110
_lUCH01
_h0553
590 _aCONVERSION
_b10
_c20130109
_lUCH01
_h1332
650 1 4 _aCacahuate
_xRendimiento.
_916900
650 1 4 _aCacahuate
_zPuebla.
_916917
901 _aBK
942 _cFOLL
949 _bBC
_cTES
_d-139557
_eTS1
_h28636
_i64112
_si
949 _bBC
_cTES
_d33724000904892
_eTS2
_fc.2
_h28637
_i64112
_si
999 _c58980
_d58980